| 000 | 00872nam a22003010a 4500 | ||
|---|---|---|---|
| 001 | PT57412 | ||
| 003 | AR-LpoUNG | ||
| 005 | 20210131231813.0 | ||
| 008 | 191001s2015||||ag |||||||||||||||||spa d | ||
| 020 |
_a9789875040182 _c$7,50 |
||
| 040 |
_aAR-LpoUNG _bspa _cAR-LpoUNG _eaacr |
||
| 041 | _aspa | ||
| 044 | _aag | ||
| 082 | 0 | _a808.068 3 182rom | |
| 100 | 1 | _aFalconi, María Inés | |
| 245 | 1 | 0 |
_aDe cómo Romeo se transó a Julieta : _bversión libre de "Romeo y Julieta" de William Shakespeare |
| 250 | _a5ta. ed. | ||
| 260 |
_aBuenos Aires : _bQuipu, _c2015. |
||
| 300 |
_a127 p. : _bil. |
||
| 505 | 0 | _aSugerido a partir de 12 años (etiqueta FUCSIA) | |
| 650 | 4 | _aLITERATURA | |
| 650 | 4 | _aTEATRO | |
| 651 | 4 | _aDOCUMENTOS TEORICOS O METODOLOGICOS | |
| 653 | _aLITERATURA INFANTIL | ||
| 700 | 1 |
_aBaró, Gerardo _eil. |
|
| 905 | _a57412 | ||
| 942 | _cLIB | ||
| 999 |
_c12047 _d12047 |
||